| 000 | 00846cam a2200145ua 4500 | ||
|---|---|---|---|
| 041 |
_aeng _h |
||
| 082 |
_a691.51 _bIND/SP |
||
| 110 | 1 |
_aIndian Standard Institution . _bISI _c() |
|
| 245 | _aSpecification for building limes | ||
| 260 |
_aNew Delhi : _bIndian Standards Institution , _c1985. |
||
| 300 | _a12 ; . | ||
| 504 | _a | ||
| 942 | _cBK | ||
| 999 |
_c7019 _d7019 |
||